[Event "AUTO-ELITE-2572"]
[Site "http://www.queenalice.com/game.php?id=1858409"]
[Date "2025.6.6"]
[Round "2"]
[White "Sexxy_Bunny"]
[Black "beteljeuxe"]
[Result "1/2-1/2"]
[WhiteElo "2664"]
[BlackElo "2551"]

1. e4 e5 2. Nf3 Nc6 3. Bb5 a6 4. Ba4 Nf6 5. O-O Be7 6. Re1 b5 7. Bb3 O-O 8. c3
d5 9. exd5 Nxd5 10. Nxe5 Nxe5 11. Rxe5 c6 12. d4 Bd6 13. Re1 Qh4 14. g3 Qh3 15.
Be3 Bg4 16. Qd3 Rae8 17. Nd2 Re6 18. a4 Qh5 19. axb5 axb5 20. Nf1 Bf5 21. Qd2
Bh3 22. Bd1 Qg6 23. Bf3 Qf5 24. Qd1 Rfe8 25. Bh1 h5 26. Qb1 Qf6 27. Bd2 Re2 28.
Rxe2 Rxe2 29. Be1 Bf5 30. Qd1 Bg4 31. Bxd5 cxd5 32. h3 Bf3 33. Qd3 Re8 34. Qxb5
Re2 35. Qd3 Re8 36. Qb5 Re2 37. Qd3 Re8 38. Bd2 Be2 39. Qc2 h4 40. Bf4 Bxf4 41.
Re1 hxg3 42. Rxe2 gxf2+ 43. Kg2 Rxe2 44. Qxe2 Qg6+ 45. Qg4 Qe4+ 46. Kxf2 Qc2+
47. Qe2 Qf5 48. Kg2 Qg6+ 49. Kh1 Qb1 50. h4 Bc1 51. Qe8+ Kh7 52. Qxf7 Qe4+ 53.
Kg1 Qg4+ 54. Kf2 Bxb2 55. Ne3 Qxh4+ 56. Ke2 Bxc3 57. Qf5+ g6 58. Qf7+ Kh6 59.
Qf8+ Kh7 60. Qf7+ Kh6 61. Qf8+ Kh7 62. Qf7+ 1/2-1/2